000 00724nam a2200241 a 4500
001 51917
003 BD-RjUL
005 20211209075730.0
008 160904s1954 ii 001 0 eng
035 _a(BD-RjUL)52037
040 _aDLC
_cCarP
_dDLC
_dBD-RjUL
_beng
041 _aeng
082 _223
_a347.5491077
_bSAS 1954
100 1 _aSarkar, M. C
_9154595
245 1 0 _aSpecific relief act (Act 1 of 1877) in India, Pakistan & Burma /
_cby M. C. Sarkar ; Durga Das Basu.
250 _a8th ed.
260 _aCalcutta :
_bS. C. Sarkar,
_c1954
300 _a[32], 479 p. ;
_c21 cm.
500 _aIncludes index
650 0 _aEquitable remedies
_zIndia.
_9154597
700 1 _aBasu, Durga Das
_9142410
942 _2ddc
_cBK
999 _c51917
_d51917